Statistics for Michigan... or Ohio?

Click here to take the quiz!

General Stats

  • This quiz has been taken 56 times
  • The average score is 5 of 8

Answer Stats

Question Answer % Correct
A longer border with Indiana, the only state they both border.Ohio
91%
More Land?Michigan
87%
Which state won the Toledo War?Ohio
75%
Which has more people?Ohio
73%
Which state has voted democrat more?Michigan
67%
A larger city? (Metropolitan area)Michigan
64%
A larger city? (City Limits)Ohio
60%
Which state has voted republican more?Michigan
33%

Score Distribution

Percentile by Number Answered

Percent of People with Each Score

Your Score History

You have not taken this quiz